000 02971nam a2200457 a 4500
003 CHAP
005 20240814085646.0
008 101021s2010 mx r 00010 spa d
035 _a111147
040 _cCHAP
090 _aTesis
100 1 _aPérez Hernández, Ignacio.
_989735
245 1 0 _aInfluencia de coberturas vivas y mantillos en el manejo de malezas y la conservación de humedad del suelo en zarzamora (Rubus fruticosus)
_c/por Ignacio Pérez Hernández; director de tesis Jose Alfredo Domínguez Valenzuela
264 _aChapingo, Méx. :
_bEl autor,
_c2010.
300 _a1 recurso en línea (56 páginas):
_bIlustraciones.cuadros, gráficas
336 _2rdacontent
_atexto
_btxt
337 _2rdamedia
_acomputadora
_bc
338 _2rdacarrier
_arecurso en línea
_bcr
502 _bIAEPA
_cParasitología
_d2010.
_gLIC
520 _aEl objetivo del siguiente trabajo fue buscar opciones de manejo de malezas alternativas al control químico que favorezcan la conservación de humedad en el suelo en un cultivo de zarzamora (Rubus fruticosus), utilizando tres variedades: Logan, Shawnee y Cheyenne. Se utilizaron los tratamientos simazina, paraquat, paraquat+simazina, soya forrajera (Neonotonia wightii), veza común (Vicia sativa), ryegrass (Lolium multiflorum), centeno (Secale cereale), paja de maíz+trigo, aserrín, testigo limpio y testigo enmalezado. Los resultados indican que los tratamientos con paja de maíz, aserrín y centeno son los mejores conservando humedad en el suelo a dos profundidades, y al tiempo que ofrecen buen control de malezas a diferencia de los productos químicos. El ryegrass resultó ser el mejor controlador de malezas, pero presenta un efecto negativo en crecimiento y desarrollo del cultivo al actuar como una especie competitiva por agua y nutrientes, ya que redujo significativamente el crecimiento del cultivo. Tanto las coberturas vivas como los mantillos vegetales son una buena alternativa para el manejo de malezas y la conservación de humedad en zarzamora.
590 _aALEPH
_b10
_c20130110
590 _aBATCH-UPD
_b10
_c20130110
590 _aBATCH-UPD
_b10
_c20130410
590 _aBATCH-UPD
_b10
_c20130914
590 _aBATCH-UPD
_b10
_c20140324
590 _aBATCH-UPD
_b10
_c20141002
590 _aCONVERSION
_b10
_c20130109
650 1 4 _aMalas hierbas
_xControl.
_970011
650 1 4 _aPlantas
_xEfecto de la humedad.
_988816
650 1 4 _aRubus.
_9100512
650 1 4 _aSuelos
_xHumedad
_xEfecto en plantas.
_9110393
650 1 4 _aZarzamora
_xMalas hierbas
_xControl.
_9123738
700 1 _aDomínguez Valenzuela, José Alfredo
_933907
_eDierector de tesis
856 _uhttp://10.13.5.2/tesis/111147.pdf
_zDESCARGAR PDF
901 _aBK
942 _cTD
_2Universidad Autónoma Chapingo
949 _aTesis
_bBC
_cTES
_d33724002213918
_eTS1
_gDonaciØn
_h51213
_i111147
_sb
949 _aTesis
_bBC
_cTES
_d33724002213926
_eTS2
_fc.2
_gDonaciØn
_h51214
_i111147
_sb
999 _c99489
_d99489